Statistics for Most Populous Cities as a Percent of Their European Microstate

Click here to take the quiz!

General Stats

  • This quiz has been taken 14 times
  • The average score is 7 of 10

Answer Stats

%CountryCity% Correct
100Monaco
100%
12.1San MarinoSan Marino
100%
14.6LiechtensteinVaduz
100%
100Vatican City
100%
24.6AndorraAndorra la Vella
92%
15.3LiechtensteinSchaan
58%
33.0San MarinoSerravalle
33%
18.3AndorraEscaldes-Engordany
25%
13.7LiechtensteinTriesen
25%
20.6San MarinoBorgo Maggiore
17%

Score Distribution

Percentile by Number Answered

Percent of People with Each Score

Your Score History

You have not taken this quiz